Online
Catalog

Las fiestas del Gay saber : (Record no. 11651)

MARC details
000 -CABECERA
campo de control de longitud fija 01137cam a2200289 a 4500
001 - NÚMERO DE CONTROL
campo de control 000011982
003 - IDENTIFICADOR DEL NÚMERO DE CONTROL
campo de control DO-SdBNP
005 - FECHA Y HORA DE LA ÚLTIMA TRANSACCIÓN
campo de control 20250401144704.0
008 - DATOS DE LONGITUD FIJA--INFORMACIÓN GENERAL
campo de control de longitud fija 970922s1995 sp a b 001 0 spa c
020 ## - NÚMERO INTERNACIONAL ESTÁNDAR DEL LIBRO
Número Internacional Estándar del Libro 8478202986
035 ## - NÚMERO DE CONTROL DEL SISTEMA
Número de control de sistema (OCoLC)ocm34927270
040 ## - FUENTE DE LA CATALOGACIÓN
Centro catalogador/agencia de origen DO-SdBNP
Centro/agencia transcriptor PL#
Centro/agencia modificador OCL
-- BNPHU
049 ## - FONDOS LOCALES (OCLC)
Fondos de biblioteca BNGR
082 ## - NÚMERO DE LA CLASIFICACIÓN DECIMAL DEWEY
Número de clasificación 394.3
Número de documento/Ítem S714f
100 1# - ENTRADA PRINCIPAL--NOMBRE DE PERSONA
Nombre de persona Soria Andreu, Francisca,
Fechas asociadas al nombre 1864-1908.
9 (RLIN) 28333
245 14 - MENCIÓN DE TÍTULO
Título Las fiestas del Gay saber :
Resto del título el caso aragonés (1884-1905) /
Mención de responsabilidad, etc. Francisca Soria Andreu.
260 ## - PUBLICACIÓN, DISTRIBUCIÓN, ETC.
Lugar de publicación, distribución, etc. Zaragoza, (España) :
Nombre del editor, distribuidor, etc. Institución "Fernando el Católico",
Fecha de publicación, distribución, etc. 1995.
300 ## - DESCRIPCIÓN FÍSICA
Extensión 224 p. :
Otras características físicas ill. ;
Dimensiones 25 cm.
490 1# - MENCIÓN DE SERIE
Mención de serie Publicación de la Institución "Fernando el Católico"
Designación de volumen o secuencia 1 .758
504 ## - NOTA DE BIBLIOGRAFÍA, ETC.
Nota de bibliografía, etc. Biblioteca: (p. 195-211).
650 #0 - PUNTO DE ACCESO ADICIONAL DE MATERIA--TÉRMINO DE MATERIA
Término de materia o nombre geográfico como elemento de entrada Folclore
Subdivisión geográfica Aragòn (España{Rpara}
Subdivisión general Historia.
9 (RLIN) 33448
650 #4 - PUNTO DE ACCESO ADICIONAL DE MATERIA--TÉRMINO DE MATERIA
Término de materia o nombre geográfico como elemento de entrada Juegos florales
Subdivisión geográfica Zaragoza (España{Rpara}
Subdivisión general Histroia.
9 (RLIN) 28335
650 #4 - PUNTO DE ACCESO ADICIONAL DE MATERIA--TÉRMINO DE MATERIA
Término de materia o nombre geográfico como elemento de entrada Literatura española
Subdivisión geográfica Aragòn (España{Rpara}
Subdivisión general Historia y crítica
9 (RLIN) 28336
830 #0 - PUNTO DE ACCESO ADICIONAL DE SERIE-TÍTULO UNIFORME
Título uniforme Publicación de la Institución "Fernando el Católico" ;
Designación de volumen o secuencia 1 .758
9 (RLIN) 13716
910 ## - DATOS DE OPCIÓN DEL USUARIO (OCLC)
Datos de opción del usuario Catalogación por copia / LC
942 ## - ELEMENTOS DE PUNTO DE ACCESO ADICIONAL (KOHA)
Fuente del sistema de clasificación o colocación Dewey Decimal Classification
Tipo de ítem Koha Libro
Holdings
Estado de retiro Estado de pérdida Restricciones de uso No para préstamo Código de colección Localización permanente Ubicación/localización actual Ubicación en estantería Fecha de adquisición Número de inventario Total de préstamos Signatura topográfica completa Código de barras Fecha visto por última vez Precio válido a partir de Tipo de ítem Koha
    Préstamo interno   Monografías: Libros y Folletos General General En catalogación 02.11.2009 LF1   394.3 S714f 11982-10 25.06.2020 25.06.2020 Préstamo interno

Powered by Koha